000 00429nam a2200121Ia 4500
008 220615s9999||||xx |||||||||||||| ||und||
100 _aYamin Liu
245 0 _aGenetic Diversity and Disease Susceptibility
546 _aEnglish[eng]
650 _aLife Sciences||Human Genetics||Genetics and Molecular Biology||Biochemistry
856 _uhttps://www.intechopen.com/books/genetic-diversity-and-disease-susceptibility
942 _cEB
999 _c16161
_d16161